| 000 | 00452cam a2200181ua 4500 | ||
|---|---|---|---|
| 020 | _c6.00 | ||
| 041 |
_ahin _h |
||
| 082 |
_a891.54 _bHAR/GR |
||
| 100 | _aHarihar Prasad, Gupta . | ||
| 245 |
_aGramodyog our unki shabdavali / _cHarharprasad Gupta. _hTextual Documents |
||
| 250 |
_a1 / _b. |
||
| 260 |
_aDelhi : _bRajkamal Prakashan , _c1956. |
||
| 300 | _a260 ; . | ||
| 365 | _a6.00 | ||
| 504 | _a | ||
| 942 | _cBK | ||
| 999 |
_c12147 _d12147 |
||